Dutt on contract : (Record no. 82045)

MARC details
000 -LEADER
fixed length control field 00943nam a22002777a 4500
005 - DATE AND TIME OF LATEST TRANSACTION
control field 20170417125342.0
010 ## - LCCN (DPL NO)
LC control number ENG-109142
020 ## - INTERNATIONAL STANDARD BOOK NUMBER
International Standard Book Number 9788171772605
Terms of availability 1595.00
035 ## - SYSTEM CONTROL NUMBER
System control number EN-92675
035 ## - SYSTEM CONTROL NUMBER
System control number B-536697
035 ## - SYSTEM CONTROL NUMBER
System control number B-667537
037 ## - SOURCE OF ACQUISITION
Source of stock number/acquisition DBAD/PUB
037 ## - SOURCE OF ACQUISITION
Source of stock number/acquisition KBD/Ven
Stock number dpl
082 ## - DEWEY DECIMAL CLASSIFICATION NUMBER
Classification number 346.5402
100 ## - MAIN ENTRY--PERSONAL NAME
Personal name Dutt,Ashok C.
245 ## - TITLE STATEMENT
Title Dutt on contract :
Remainder of title the Indian contract act, 1872
Statement of responsibility, etc by H.K.Saharay
250 ## - EDITION STATEMENT
Edition statement 11th ed.
260 ## - PUBLICATION, DISTRIBUTION, ETC. (IMPRINT)
Place of publication, distribution, etc Kolkata
Name of publisher, distributor, etc Eastern Law House
Date of publication, distribution, etc 2013
270 ## - ADDRESS
Address 54Ganesh Chunder Avenue
City Kolkta
Postal code 700013
300 ## - PHYSICAL DESCRIPTION
Extent 115,1202p.
Dimensions 25cm(Hb)
500 ## - GENERAL NOTE
General note Includes index
700 ## - ADDED ENTRY--PERSONAL NAME
Personal name Saharay, H.K.
942 ## - ADDED ENTRY ELEMENTS (KOHA)
Source of classification or shelving scheme Dewey Decimal Classification
Item type English Books
Call number suffix DUT
Classification part 346.5402
Holdings
Withdrawn status Lost status Not for loan Collection code Home library Current library Date acquired Source of acquisition Cost, normal purchase price Full call number Barcode Copy number Cost, replacement price Koha item type
      Non-fiction Ashok Vihar Ashok Vihar 17/04/2017 BPPD/EN/2013-14/AV/16-17/365/15.02.2017KBD/BL16/24.02.2017/17.03.217 1595.00 346.5402 DUT B-667537 1 1595.00 English Books
    Not For Loan Reference Central Library Central Library 09/09/2014 KBD/BL98/28.03.2014/145/25.03.2014/31.03.2014 1595.00 346.5402 DUT B-536697 1 1595.00 English Books
    Not For Loan Non-fiction D.B.Act.Division D.B.Act.Division 10/02/2014 DBAD/PUB 1595.00 346.5402 DUT EN-92675 1 1595.00 English Books

© Delhi Public Library
Hit Counter
free hit counter